Dredging and dredging appliances (Record no. 1781)

000 -LEADER
fixed length control field 00393nam a22001577a 4500
008 - FIXED-LENGTH DATA ELEMENTS--GENERAL INFORMATION
fixed length control field 200203b ||||| |||| 00| 0 eng d
082 00 - DEWEY DECIMAL CLASSIFICATION NUMBER
Classification number 627.7
Item number D3284
100 ## - MAIN ENTRY--PERSONAL NAME
9 (RLIN) 1390
Personal name Dekker, P. M.
245 10 - TITLE STATEMENT
Title Dredging and dredging appliances
250 ## - EDITION STATEMENT
Edition statement 1st
260 ## - PUBLICATION, DISTRIBUTION, ETC. (IMPRINT)
Place of publication, distribution, etc London
Name of publisher, distributor, etc Technical Press
Date of publication, distribution, etc 1927
300 ## - PHYSICAL DESCRIPTION
Extent xvi,170p.
365 ## - TRADE PRICE
Price type code 25.00
650 #0 - SUBJECT ADDED ENTRY--TOPICAL TERM
Topical term or geographic name as entry element Dredging
942 ## - ADDED ENTRY ELEMENTS (KOHA)
Item type Books
Holdings
Withdrawn status Lost status Source of classification or shelving scheme Damaged status Not for loan Permanent location Current location Date acquired Source of acquisition Full call number Barcode Date last seen Koha item type
          IMU Kolkata IMU Kolkata 1953-02-25 A. H. Wheeler 627.7 D3284 01506 2020-02-03 Books
Designed and Maintained by IMU-KC Library, Kolkata Campus © Copyright All Rights Reserved

webs counters

Powered by Koha